000 00693nam a2200241Ia 4500
005 20250425162541.0
008 250425s9999 xx 000 0 und d
020 _a9701506448
041 _aspa
043 _ack
082 _a658.404
_pBOL
100 _aBoland, R. G. A.
245 0 _aAdministración de la producción y el medio ambiente
_cR. G. A. Boland
260 _aColombia, Bogotá
_bAlfaomega
_c2001
300 _a202 p.
_bIlustrado
_c28 cm
500 _aIncluye tabla de contenido, glosario
650 _aAdministración de producción
650 _aDiseño de productos
650 _aMedio ambiente
902 _aMonográfico
_cImpreso
942 _c01
010 _a84822
999 _c231537
_d231537